000 00402nam a2200145 i 4500
001 bg
100 1 _aDYSZYŃSKI, Jan
245 0 _aMetrologia elektryczna i elektroniczna :
_blaboratorium /
_cJan Dyszyński. - Cz. 1: Instrukcje do ćwiczeń.
260 _aRzeszów,
_c1978.
040 _cBPK
041 _apol
080 _a621.317(075.8)
942 _cKS
008 s pl f |000 0 pol
999 _c18371
_d18371
856 _uhttp://koha.tu.koszalin.pl/cgi-bin/koha/opac-detail.pl?biblionumber=18371
_yKatalog online BPK